00861 2200289 4500001002100000005001500021035002000036245007700056100001800133250000900151300006200160006001800222007000300240008004100243700002800284260004200312082001200354084001800366020002200384650001300406504002800419500002800447990002400475990002400499990002400523990002400547INLIS00000000000236920260602021255 a0010-02200002201 aManfaat Ajaib Ketumbar dan Merica :bSeri Apotek Dapur /cRamadhani Ray,0 aRamadhani Ray aEd.1 axii, 136 hlm. :bilus. ;c19 cmebibliografi, hlm 137-158a ta260602 0 0 aEditor: Sigit Suyantoro aYogyakarta :bRapha Publishing,c2017 a641.303 a641.303 RAM m a978-979-29-6624-4 4atumbuhan abibliografi,hlm 137-158 aprofil penulis, hlm 159 a33.993/DAK/DPK/2019 a33.994/DAK/DPK/2019 a33.992/DAK/DPK/2019 a33.991/DAK/DPK/2019